Politiques Français Par Images #3 - Statistiques

Statistiques générales
  • Ce quiz a été pris 480 fois
  • Le résultat moyen est 12 sur 17
Statistiques - réponses
Par images Réponse % Correct
Marion Maréchal
96%
Manon Aubry
94%
Éric Ciotti
92%
Raphaël Glucksmann
88%
Manuel Bompard
80%
Mathilde Panot
79%
Rima Hassan
77%
François Ruffin
76%
François-Xavier Bellamy
75%
Sébastien Delogu
70%
Clémentine Autain
67%
François Asselineau
65%
Valérie Hayer
64%
Jean Messiha
60%
Meyer Habib
52%
Danièle Obono
50%
David Guiraud
48%
Aucun quiz correspondant
Distribution des résultats
% des personnes avec chaque résultat
Percentile par nombre de réponses
Votre historique - résultats
Vous n’avez pas pris ce quiz